000 00561nam a2200193 a 4500
001 18657
005 20180713212001.0
008 140415s1961 mx 000 0 spa d
041 _aspa
082 _a338.18
_bFER
100 1 _aFERNANDEZ Y FERNANDEZ, RAMON
245 1 0 _aPOLITICA AGRICOLA :
_bENSAYO SOBRE NORMAS PARA MEXICO
250 _a1a ed.
260 _aMEXICO :
_bFONDO DE CULTURA ECONOMICA,
_c1961
300 _a269
490 _aSECCION DE OBRAS DE ECONOMIA
650 1 4 _aPOLITICA
_xAGRICOLA
700 1 _aACOSTA, RICARDO
_ecoaut.
999 _c18657
_d18657